Normal view
MARC view
Entry Topical Term
001 - CONTROL NUMBER
- control field: 254891
003 - CONTROL NUMBER IDENTIFIER
- control field: OSt
005 - DATE AND TIME OF LATEST TRANSACTION
- control field: 20260213164536.0
008 - FIXED-LENGTH DATA ELEMENTS
- fixed length control field: 260213|| aca||aabn | a|a d
040 ## - CATALOGING SOURCE
- Original cataloging agency: OSt
- Transcribing agency: OSt
150 ## - HEADING--TOPICAL TERM
- Topical term or geographic name entry element: Professional Ethics in the Light of Right Understanding
670 ## - SOURCE DATA FOUND
- Source citation: Work cat.: (OSt)240903: R R Gaur 254888, Foundation course in human values and professional ethics, 2023